000 00618nam a2200241Ia 4500
003 OSt
005 20221005130828.0
006 a|||||r|||| 00| 0
007 ta
008 221004b |||||||| |||| 00| 0 san d
024 _a54210
037 _cTextual
040 _aCRL
_cCRL
_bsan
041 _2san
_asan
082 _aO15,2D40,1, 32E4
100 _aVarier P.S. Au.
_9638726
245 0 _aSangeetha sakunthalam
260 _c1914
650 _a SANSKRIT LITERATURE
650 _aSANSKRIT DRAMA
942 _hO15,2D40,1, 32E4
_cTEXL
_2cc
999 _c1058541
_d1058541